Eastern Utah Libraries Catalog: Duchesne, Heber, Roosevelt, & Vernal

The good neighbor : (Record no. 235699)

MARC details
000 -LEADER
fixed length control field 01024nam a22003018i 4500
001 - CONTROL NUMBER
control field BK0022276394
005 - DATE AND TIME OF LATEST TRANSACTION
control field 20180816133312.0
008 - FIXED-LENGTH DATA ELEMENTS--GENERAL INFORMATION
fixed length control field 180702s2018 nyu 000 0beng d
010 ## - LIBRARY OF CONGRESS CONTROL NUMBER
LC control number bl2018134511
020 ## - INTERNATIONAL STANDARD BOOK NUMBER
International Standard Book Number 9781419727726 : HRD
Terms of availability 30.00
020 ## - INTERNATIONAL STANDARD BOOK NUMBER
International Standard Book Number 1419727729 : HRD
Terms of availability 30.00
037 ## - SOURCE OF ACQUISITION
Source of stock number/acquisition Harry N Abrams Inc, C/O Hachette Book Group USA 53 State st 9th Fl, Boston, MA, USA, 02109
Note SAN 200-2205
040 ## - CATALOGING SOURCE
Original cataloging agency NjBwBT
Language of cataloging eng
Transcribing agency NjBwBT
Description conventions rda
050 14 - LIBRARY OF CONGRESS CALL NUMBER
Classification number PN1992.4.R56
Item number K56 2018
082 04 - DEWEY DECIMAL CLASSIFICATION NUMBER
Classification number 791.4502/8092
082 04 - DEWEY DECIMAL CLASSIFICATION NUMBER
Classification number B
Edition number 23
092 ## - LOCALLY ASSIGNED DEWEY CALL NUMBER (OCLC)
Classification number 791.4502
100 1# - MAIN ENTRY--PERSONAL NAME
Personal name King, Maxwell,
Relator term author.
245 14 - TITLE STATEMENT
Title The good neighbor :
Remainder of title the life and work of Fred Rogers /
Statement of responsibility, etc Maxwell King.
264 #1 - Production, Publication, Distribution, Manufacture, and Copyright Notice.
Place of production, publication, distribution, manufacture New York :
Name of producer, publisher, distributor, manufacturer Abrams Press,
Date of production, publication, distribution, manufacture, or copyr 2018.
300 ## - PHYSICAL DESCRIPTION
Extent pages cm
336 ## - Content Type
Content type term text
337 ## - Media type
Media type term unmediated
338 ## - Carrier type
Carrier type term volume
600 10 - SUBJECT ADDED ENTRY--PERSONAL NAME
Personal name Rogers, Fred.
650 #0 - SUBJECT ADDED ENTRY--TOPICAL TERM
Topical term or geographic name as entry element Television personalities
Geographic subdivision United States
Form subdivision Biography.
630 00 - SUBJECT ADDED ENTRY--UNIFORM TITLE
Uniform title Mister Rogers' neighborhood (Television program).
Holdings
Withdrawn status Lost status Source of classification or shelving scheme Damaged status Not for loan Collection code Home library Current library Shelving location Date acquired Source of acquisition Cost, normal purchase price Total Checkouts Total Renewals Full call number Barcode Date last seen Date checked out Cost, replacement price Price effective from Koha item type
    Dewey Decimal Classification     General NonFiction Wasatch County Library Wasatch County Library Second Floor 11/16/2018   30.00 5 3 791.45 Kin 34301001569617 03/09/2026 08/06/2024 30.00 03/20/2020 BOOK
This project was made possible through a grant from the Institute of Museum and Library Service administered by the Utah State Library Division.

Wasatch County Library

  • 465 East 1200 South, Heber City, Utah 84032
  • Phone 435-654-1511 | Fax 435-654-6456

Hours

  • Monday - Friday 9:30 AM - 8:00 PM
  • Saturday 9:30 AM - 1:30 PM
  • Closed Sundays and Holidays